Statistics for Most Covered Musical Acts

Click here to take the quiz!

General Stats

  • This quiz has been taken 43 times
  • The average score is 19 of 26

Answer Stats

#Most Covered SongMusical Act% Correct
602Bohemian RhapsodyQueen
100%
9360YesterdayThe Beatles
98%
830Billie JeanMichael Jackson
98%
632ImagineJohn Lennon
98%
656Dancing QueenABBA
93%
492Material GirlMadonna
93%
502Your SongElton John
90%
479Bridge Over Troubled WaterSimon & Garfunkel
90%
731Space OddityDavid Bowie
90%
1445My WayFrank Sinatra
85%
1111Heartbreak HotelElvis Presley
83%
480How Deep Is Your LoveBee Gees
80%
730Paint It, BlackThe Rolling Stones
80%
487No Woman, No CryBob Marley
80%
549With or Without YouU2
78%
856Blowin' in the WindBob Dylan
78%
982SuperstitionStevie Wonder
78%
574White ChristmasBing Crosby
68%
592ParanoidBlack Sabbath
65%
508What's Going OnMarvin Gaye
60%
455Hey JoeJimi Hendrix
60%
533Enjoy the SilenceDepeche Mode
50%
491Blank SpaceTaylor Swift
48%
465Wonderful ChristmastimePaul McCartney
23%
452StayRihanna
20%
496The Christmas SongNat King Cole
18%

Score Distribution

Percentile by Number Answered

Percent of People with Each Score

Your Score History

You have not taken this quiz